000 00909nam a22002417a 4500
008 081217t xxu||||| |||| 00| 0 eng d
010 _aENG-92215
020 _c50.00
_a8177354663
020 _c50.00
_a9788177354669
035 _aEN-75748
037 _bDBAD / PUB
040 _adpl
_bEnglish
082 _a883.08
100 _aSenguttuvan, K.
245 _aThe plight of women in Shashi Despande's novels /
_cby K. Senguttuvan
260 _aChennai
_bPavai Publications
_c2007
270 _a142, Jani Jan Khan Road, Royapettah,
_bChennai
_e600014
300 _av, 104p.
_c19cm (pbk)
600 _aDespande, Shashi
_xCharacters
_xWomen.
650 _aWomen in literature.
942 _2ddc
_cEN
_mSEN
_h883.08
999 _c19977
_d19977